书目信息 |
| 题名: |
燕子号与亚马孙号
|
|
| 作者: | 兰塞姆 著 ;徐彬 , 翟雨 , 宋彦卓 译 | |
| 分册: | 中文本 | |
| 出版信息: | 南京 译林出版社 2024 |
|
| 页数: | 2册(371;421页) | |
| 开本: | 21cm | |
| 丛书名: | 双语经典 字里行间 | |
| 单 册: | ||
| 中图分类: | H319.4 | |
| 科图分类: | ||
| 主题词: | 英语--汉语--对照读物 | |
| 电子资源: | ||
| ISBN: | 978-7-5753-0090-2 | |
| 000 | 01253nam0 2200313 450 | |
| 001 | 013097195 | |
| 005 | 20240827154106.0 | |
| 010 | @a978-7-5753-0090-2@dCNY39.90 | |
| 100 | @a20240827d2024 em y0chiy0120 ea | |
| 101 | 2 | @achi@aeng@ceng |
| 102 | @aCN@b320000 | |
| 105 | @ay z 000ay | |
| 106 | @ar | |
| 200 | 1 | @a燕子号与亚马孙号@9yan zi hao yu ya ma sun hao@dSwallows and Amazons@f(英)亚瑟·兰塞姆(Arthur Ransome)著@g徐彬,翟雨,宋彦卓译@i中文本@zeng |
| 210 | @a南京@c译林出版社@d2024 | |
| 215 | @a2册(371;421页)@d21cm | |
| 225 | @a双语经典 字里行间 | |
| 300 | @a双语经典 字里行间 | |
| 330 | @a本书讲述了:暑假来临,约翰、苏珊、缇蒂和罗杰终于得到爸爸妈妈的同意,驾着他们的小船“燕子号”,前往梦寐以求的湖中荒岛进行夏日露营。探险和扮演水手本身就是一次冒险,但岛上还有更多精彩等着他们。两个亚马孙号“海盗”南希和佩吉向他们发起了挑战,随即,一场小岛“争夺战”打响了。 | |
| 510 | 1 | @aSwallows and Amazons@zeng |
| 586 | @a | |
| 606 | 0 | @a英语@x汉语@j对照读物 |
| 690 | @aH319.4@v5 | |
| 701 | 0 | @c(英)@a兰塞姆@9lan sai mu@c(Ransome, Arthur@f1884-1967)@4著 |
| 702 | 0 | @a徐彬@9xu bin@4译 |
| 702 | 0 | @a翟雨@9zhai yu@4译 |
| 702 | 0 | @a宋彦卓@9song yan zhuo@4译 |
| 801 | 0 | @aCN@c20240827 |
| 905 | @dH319.4@eL037:1@f1@sH319.4/L037:1@S@Z | |
| 燕子号与亚马孙号=Swallows and Amazons/(英)亚瑟·兰塞姆(Arthur Ransome)著/徐彬,翟雨,宋彦卓译.中文本.-南京:译林出版社,2024 |
| 2册(371;421页);21cm.-(双语经典 字里行间) |
| 双语经典 字里行间 |
| ISBN 978-7-5753-0090-2:CNY39.90 |
| 本书讲述了:暑假来临,约翰、苏珊、缇蒂和罗杰终于得到爸爸妈妈的同意,驾着他们的小船“燕子号”,前往梦寐以求的湖中荒岛进行夏日露营。探险和扮演水手本身就是一次冒险,但岛上还有更多精彩等着他们。两个亚马孙号“海盗”南希和佩吉向他们发起了挑战,随即,一场小岛“争夺战”打响了。 |
| ● |
| 相关链接 |
|
|
|
正题名:燕子号与亚马孙号
索取号:H319.4/L037:1
 
预约/预借
| 序号 | 登录号 | 条形码 | 馆藏地/架位号 | 状态 | 备注 |
| 1 | 21619276 | 216192769 | 语言库209/209语言库 46排4列5层/ [索取号:H319.4/L037:1] | 在馆 |